Ambito nacional, jurisprudencia judicial / (Registro nro. 91887)
[ vista simple ]
| 000 -CABECERA | |
|---|---|
| Campo de control de longitud fija | 01299caa a22003732u 4500 |
| 001 - NÚMERO DE CONTROL | |
| Campo de control | ARTICULO-005895 |
| 003 - IDENTIFICADOR DEL NÚMERO DE CONTROL | |
| Campo de control | AR-TrUNPB |
| 007 - CAMPO FIJO DE DESCRIPCIÓN FÍSICA | |
| Campo de control de longitud fija | ta |
| 008 - CÓDIGOS DE INFORMACIÓN DE LONGITUD FIJA | |
| Campo de control de longitud fija | 180517b ag r 000 0 spa d |
| 040 ## - FUENTE DE LA CATALOGACIÓN | |
| Centro catalogador de origen | AR-TrUNPB |
| 100 1# - PUNTO DE ACCESO PRINCIPAL - NOMBRE DE PERSONA | |
| Nombre de persona | Gadea, María de los Angeles |
| 9 (RLIN) | 10768 |
| 245 10 - MENCIÓN DE TÍTULO | |
| Título | Ambito nacional, jurisprudencia judicial / |
| Mención de responsabilidad etc. | María de los Angeles Gadea |
| 300 ## - DESCRIPCIÓN FÍSICA | |
| Extensión | p. 80-89 |
| 590 ## - Nota local | |
| Nota local | Registros migrados a formato MARC |
| 650 #7 - PUNTO DE ACCESO ADICIONAL DE MATERIA - TÉRMINO DE MATERIA | |
| Término de materia o nombre geográfico como elemento inicial | ARGENTINA |
| Fuente del encabezamiento o término | |
| 9 (RLIN) | 1506 |
| 650 #0 - PUNTO DE ACCESO ADICIONAL DE MATERIA - TÉRMINO DE MATERIA | |
| Término de materia o nombre geográfico como elemento inicial | DERECHO FISCAL |
| 9 (RLIN) | 2525 |
| 650 #7 - PUNTO DE ACCESO ADICIONAL DE MATERIA - TÉRMINO DE MATERIA | |
| Término de materia o nombre geográfico como elemento inicial | DERECHO CIVIL |
| Fuente del encabezamiento o término | Unescot |
| 9 (RLIN) | 2513 |
| 650 #7 - PUNTO DE ACCESO ADICIONAL DE MATERIA - TÉRMINO DE MATERIA | |
| Término de materia o nombre geográfico como elemento inicial | JURISPRUDENCIA |
| Fuente del encabezamiento o término | Unescot |
| 9 (RLIN) | 3981 |
| 650 #7 - PUNTO DE ACCESO ADICIONAL DE MATERIA - TÉRMINO DE MATERIA | |
| Término de materia o nombre geográfico como elemento inicial | IMPUESTOS |
| Fuente del encabezamiento o término | Unescot |
| 9 (RLIN) | 3643 |
| 650 #7 - PUNTO DE ACCESO ADICIONAL DE MATERIA - TÉRMINO DE MATERIA | |
| Término de materia o nombre geográfico como elemento inicial | LEGISLACION |
| Fuente del encabezamiento o término | Unescot |
| 9 (RLIN) | 4018 |
| 650 #7 - PUNTO DE ACCESO ADICIONAL DE MATERIA - TÉRMINO DE MATERIA | |
| Término de materia o nombre geográfico como elemento inicial | IMPUESTO AL VALOR AGREGADO |
| Fuente del encabezamiento o término | Unescot |
| 9 (RLIN) | 3642 |
| 650 #7 - PUNTO DE ACCESO ADICIONAL DE MATERIA - TÉRMINO DE MATERIA | |
| Término de materia o nombre geográfico como elemento inicial | RESPONSABILIDAD |
| Fuente del encabezamiento o término | Unescot |
| 9 (RLIN) | 5585 |
| 650 #7 - PUNTO DE ACCESO ADICIONAL DE MATERIA - TÉRMINO DE MATERIA | |
| Término de materia o nombre geográfico como elemento inicial | EVASION TRIBUTARIA |
| Fuente del encabezamiento o término | Unescot |
| 9 (RLIN) | 3200 |
| 650 #4 - PUNTO DE ACCESO ADICIONAL DE MATERIA - TÉRMINO DE MATERIA | |
| Término de materia o nombre geográfico como elemento inicial | FALLOS |
| 650 #4 - PUNTO DE ACCESO ADICIONAL DE MATERIA - TÉRMINO DE MATERIA | |
| Término de materia o nombre geográfico como elemento inicial | MONOTRIBUTO |
| 9 (RLIN) | 15302 |
| 650 #4 - PUNTO DE ACCESO ADICIONAL DE MATERIA - TÉRMINO DE MATERIA | |
| Término de materia o nombre geográfico como elemento inicial | CLAUSURA DEL ESTABLECIMIENTO |
| 650 #4 - PUNTO DE ACCESO ADICIONAL DE MATERIA - TÉRMINO DE MATERIA | |
| Término de materia o nombre geográfico como elemento inicial | IMPUESTO SOBRE LOS DEBITOS EN CUENTA CORRIENTE |
| 650 #4 - PUNTO DE ACCESO ADICIONAL DE MATERIA - TÉRMINO DE MATERIA | |
| Término de materia o nombre geográfico como elemento inicial | IMPUESTO A LAS GANANCIAS |
| 9 (RLIN) | 204 |
| 700 1# - PUNTO DE ACCESO ADICIONAL - NOMBRE DE PERSONA | |
| Nombre de persona | Guzmán, Laura A |
| 9 (RLIN) | 12168 |
| 700 1# - PUNTO DE ACCESO ADICIONAL - NOMBRE DE PERSONA | |
| Nombre de persona | Bianchi, José |
| 773 0# - ENLACE AL DOCUMENTO FUENTE | |
| Número bibliográfico anfitrión | 84561 |
| Otro identificador del documento | TP0000637 |
| Título | Doctrina tributaria |
| Lugar editor y fecha de publicación | Buenos Aires : Errepar , 1999- |
| Número de control del registro relacionado | Revis2-000385 |
| Parte(s) relacionada(s) | M0040 : Vol. t.23, no. 262 (2002) ; p. 80-89 |
| Número de ítem anfitrión | 105735 |
| 942 ## - ENTRADA PARA ELEMENTOS AGREGADOS (KOHA) | |
| Koha [por defecto] tipo de item | Artículos |
| 910 ## - Catalogador e indizador | |
| Catalogador/fecha | sf071018 |
No hay ítems disponibles.